000 01024nam a22002777a 4500
005 20121023161216.0
008 121023t xxu||||| |||| 00| 0 eng d
010 _aENG-106125
020 _a9781259025631
_c550.00
020 _a1259025632
_c550.00
035 _aEN-89658
037 _bDBAD/PUB
040 _aDPL
_bEng
082 0 0 _a005.133
100 1 _aBravaco, Ralph
_953321
245 1 0 _aJava programming :
_bfrom the ground up /
_cby Ralph Bravaco [and] Charles Simonson
260 _aNew Delhi
_bTata McGraw-Hill
_c2012
270 _a7 West Patel Nagar
_bNew Delhi
_e110008
300 _avarious pagings
_c26cm(pbk)
500 _aIncludes index.
650 _aJava (Computer program language)
_953324
700 _aSimonson, Charles
_953325
942 _2ddc
_cEN
_h005.133
_mBRA
999 _c71067
_d71067